000 00640nam a22002177a 4500
005 20170124110119.0
010 _aB-110222
020 _c00.00
_a8179921255
035 _aB-110222
037 _bCen Lib/Ret
040 _aDPL
_bEN
082 _aS
_bKOT
100 _aKottary, Gajra
_930341
245 _aThe last laugh :
_cby Gajra Kottary
_bstories where women take centre-stage /
260 _aMumbai
_bJaico Publishing House
_c2003
270 _bMumbai
_a121, Mahatma Gandhi road
_e400023
300 _a179p.
_c19cm(Hb)
650 _aLiterature
_xFiction
_971879
650 _aEnglish stories
_926733
942 _2ddc
_cEN
_hS
_mKOT
999 _c130884
_d130884